MARC

Tag First Indicator Second Indicator Subfields
LEADER 00000pam a2200000 a 4500
001 in00002000365
005 20151031125304.0
008 031021s2004 ilua b s001 0deng
010 |a  2003022984 
020 |a 0252029194 (acid-free paper) 
035 |a (OCoLC)ocm53324855 
040 |a DLC  |c DLC  |d TXA  |d UtOrBLW 
043 |a n-us---  |a n-us-il 
049 |a TXAM 
050 0 0 |a E415.9.L89  |b A3 2004 
082 0 0 |a 326/.8/092  |2 22 
100 1 |a Lovejoy, Owen,  |d 1811-1864. 
245 1 0 |a His brother's blood :  |b speeches and writings, 1838-64 /  |c Owen Lovejoy ; edited by William F. Moore and Jane Ann Moore ; foreword by Paul Simon. 
264 1 |a Urbana :  |b University of Illinois Press,  |c [2004] 
264 4 |c ©2004 
300 |a xxvi, 432 pages :  |b illustrations ;  |c 25 cm. 
336 |a text  |b txt  |2 rdacontent 
337 |a unmediated  |b n  |2 rdamedia 
338 |a volume  |b nc  |2 rdacarrier 
504 |a Includes bibliographical references (pages [413]-422) and index. 
600 1 0 |a Lovejoy, Owen,  |d 1811-1864  |v Archives. 
650 0 |a Abolitionists  |z United States  |v Archives. 
650 0 |a Legislators  |z United States  |v Archives. 
600 1 0 |a Lincoln, Abraham,  |d 1809-1865  |x Friends and associates  |v Archives. 
650 0 |a Antislavery movements  |z United States  |x History  |y 19th century  |v Sources. 
650 0 |a Antislavery movements  |z Illinois  |x History  |y 19th century  |v Sources. 
651 0 |a United States  |x Politics and government  |y 1849-1861  |v Sources. 
651 0 |a Illinois  |x Politics and government  |y To 1865  |v Sources. 
700 1 |a Moore, William F.  |q (William Frederick),  |d 1935- 
700 1 |a Moore, Jane Ann. 
856 4 1 |3 Table of contents  |u http://www.loc.gov/catdir/toc/ecip0410/2003022984.html  |t 0 
948 |a cataloged  |b h  |c 2004/10/27  |d c  |e dmitchel  |f 8:44:24 am 
994 |a E0  |b TXA 
999 |a MARS 
999 f f |s d0f0ac63-1ba5-3f75-9108-39d726a63553  |i 6dd478a8-c860-3854-8bcb-0df013354960  |t 0 
952 f f |p ric  |a Texas A&M University  |b Rellis Campus  |c Joint Library Facility  |d Remote Storage  |t 0  |e E415.9.L89 A3 2004  |h Library of Congress classification  |i unmediated -- volume  |m A14831582820 
998 f f |a E415.9.L89 A3 2004  |t 0  |l Remote Storage